000 00908nam a2200265Ia 4500
003 OSt
005 20220923222503.0
006 a|||||r|||| 00| 0
007 ta
008 220922b |||||||| |||| 00| 0 hin d
024 _a205,255
037 _cTextual
040 _aARTS
_cARTS
_bhin
041 _2hin
_ahin
082 _aO153,1N19x, 152N2
100 _aहरभजन, सिंह
245 0 _aन धूप न छाया
246 _aN dhūp n chhāyā
260 _aदिल्ली
_b साहित्य अकादमी
_c1992
300 _a100पृ.
_ccm.
490 _aसाहित्य अकादमी द्वारा पुरस्कृत पंजाबी कविताएॅं
650 _aपंजाबी निबंध
942 _hO153,1N19x, 152N2
_cTEXL
_2CC
999 _c355980
_d355980